00924nam a22002417a 4500003001100000005001700011008004100028020001500069040003900084041000800123082001600131100001700147130009500164245004300259260003900302300004200341490006000383650005900443650006700502942000700569952009100576999001500667LK-CoMWRAF20231211164453.0231211b2001 |||||||| |||| 00| 0 eng d a9555820112 aLK-CoMWRAFdLK-CoMWRAFeLK-CoMWRAF aeng a305.89bBAS aBass, Daniel aA history of ethnic conflict in Sri Lanka: recollection, reinterpretation & reconciliation aLandscapes of Malaiyaha Tamil identity aColombo: bMarga Institute, c2001 a22 p. ; 23 cmb Bibliography included aMarga monograph series on ethnic reconciliation vno. 8 aMalaiyaha Tamil (Sri Lankan people) -- Ethnic identity aMalaiyaha Tamil (Sri Lankan people) -- Politics and government cBK 00104070aMAINbMAINd2023-12-11l0o305.89 BASpRAF4524r2023-12-11w2023-12-11yBK c4350d4350